[Event "1. OEsterreichische Internet Schach Meisterschaft - Vorrunde 3"]
[Site "Online - Playchess.com"]
[Date ""]
[Round "7"]
[Board "1"]
[White "Freitag, Manfred"]
[Black "Froewis, Georg"]
[Result "1/2-1/2"]
[WhiteElo "2356"]
[BlackElo "2457"]
[PlyCount "117"]
[EventDate "2020.04.17"]
[EventRounds "9"]
[EventCountry "AUT"]

1. e4 d5 2. exd5 Qxd5 3. Nc3 Qd6 4. d4 Nf6 5. Nf3 Nc6 6. Nb5 Qd8 7. d5 Nb4 8. c4
Na6 9. Be2 e6 10. Nc3 Be7 11. O-O O-O 12. Be3 exd5 13. cxd5 Nb4 14. Bc4 c6 15. dxc6
Nxc6 16. Qxd8 Rxd8 17. Rfd1 Bg4 18. Be2 h6 19. h3 Be6 20. Nb5 Nd5 21. Bd2 Bf6 22.
Nc3 Nxc3 23. Bxc3 Bxc3 24. bxc3 Rxd1+ 25. Bxd1 Bd5 26. Be2 Re8 27. Kf1 Kf8 28. Rb1
b6 29. Bb5 Rc8 30. a4 Bxf3 31. gxf3 Ne5 32. f4 Nc4 33. Rd1 Rc7 34. Ke2 Ke7 35. Rd4
Nd6 36. Kd2 Rc5 37. Bd3 Ke6 38. Rb4 Rh5 39. Bf1 Rd5+ 40. Rd4 Rxd4+ 41. cxd4 Kd5 42.
Kd3 Nf5 43. Bg2+ Kd6 44. Be4 Ne7 45. Kc4 Nc6 46. Kb5 Nxd4+ 47. Ka6 Kc5 48. Kxa7 g6
49. Kb7 f5 50. Bd3 Ne6 51. h4 Nxf4 52. Bf1 g5 53. hxg5 hxg5 54. Kc7 Nd5+ 55. Kd7
Nc3 56. Ke6 f4 57. Kf5 Nxa4 58. Kxg5 f3 59. Kf4  1/2-1/2

[Event "1. OEsterreichische Internet Schach Meisterschaft - Vorrunde 3"]
[Site "Online - Playchess.com"]
[Date ""]
[Round "7"]
[Board "2"]
[White "Belke, Frank"]
[Black "Froewis, Annika"]
[Result "1-0"]
[WhiteElo "2273"]
[BlackElo "2136"]
[PlyCount "69"]
[EventDate "2020.04.17"]
[EventRounds "9"]
[EventCountry "AUT"]

1. d4 d5 2. c4 e6 3. Nc3 Nf6 4. Bg5 c6 5. e3 Nbd7 6. Nf3 h6 7. Bh4 Be7 8. a3 O-O
9. Qc2 a6 10. Rd1 Qa5 11. Bd3 dxc4 12. Bxc4 b5 13. Ba2 b4 14. axb4 Bxb4 15. Bb1 c5
16. Ne5 Bxc3+ 17. bxc3 g6 18. Nxg6 fxg6 19. Qxg6+ Kh8 20. Qxh6+ Kg8 21. Qg6+ Kh8
22. O-O cxd4 23. Rxd4 Qh5 24. Qd3 Rg8 25. Bg3 Rg4 26. Rxg4 Qxg4 27. h3 Qg7 28. Qc4
Bb7 29. Qxe6 a5 30. Rd1 a4 31. Rd4 Qg8 32. Rh4+ Kg7 33. Qf5 a3 34. Qg6+ Kf8 35. Bd6#
 1-0

[Event "1. OEsterreichische Internet Schach Meisterschaft - Vorrunde 3"]
[Site "Online - Playchess.com"]
[Date ""]
[Round "7"]
[Board "3"]
[White "Mostbauer, Florian"]
[Black "Ragger, Markus"]
[Result "0-1"]
[WhiteElo "2309"]
[BlackElo "2679"]
[PlyCount "112"]
[EventDate "2020.04.17"]
[EventRounds "9"]
[EventCountry "AUT"]

1. d4 Nf6 2. Bf4 d5 3. e3 c5 4. c3 Nc6 5. Nd2 Qb6 6. Qb3 c4 7. Qc2 g6 8. e4 dxe4
9. Nxc4 Qd8 10. Ne5 Bg7 11. Bb5 Bd7 12. Nxd7 Qxd7 13. Ne2 O-O 14. O-O a6 15. Bxc6
Qxc6 16. Be5 Nd7 17. Bxg7 Kxg7 18. Ng3 f5 19. Rae1 e5 20. f3 exf3 21. Rxf3 e4 22.
Rff1 Nf6 23. Kh1 Rae8 24. a4 Ng4 25. Qb3 Qf6 26. Nxe4 Qh4 27. h3 fxe4 28. Qxb7+ Re7
29. Qxa6 Ref7 30. Qe2 h5 31. Kg1 Rxf1+ 32. Rxf1 Rxf1+ 33. Qxf1 Nf6 34. a5 e3 35.
a6 Qe4 36. a7 e2 37. Qxe2 Qxe2 38. a8=Q Qxb2 39. Qa7+ Kh6 40. Qe7 Qc1+ 41. Kh2 Qf4+
42. Kg1 Ne4 43. c4 Nc3 44. Qe5 Qxe5 45. dxe5 Kg5 46. Kf2 Kf5 47. Ke3 Kxe5 48. g4
h4 49. c5 Nd5+ 50. Kf3 g5 51. c6 Nc7 52. Ke3 Kd5 53. Kd3 Ne6 54. Ke3 Ke5 55. Kf3
Nd4+ 56. Ke3 Nxc6  0-1

[Event "1. OEsterreichische Internet Schach Meisterschaft - Vorrunde 3"]
[Site "Online - Playchess.com"]
[Date ""]
[Round "7"]
[Board "5"]
[White "Kruckenhauser, Arthur"]
[Black "Schwabeneder, Florian"]
[Result "0-1"]
[WhiteElo "2233"]
[BlackElo "2431"]
[PlyCount "64"]
[EventDate "2020.04.17"]
[EventRounds "9"]
[EventCountry "AUT"]

1. e4 c5 2. Nf3 d6 3. d4 cxd4 4. Nxd4 Nf6 5. Nc3 Nc6 6. Bg5 e6 7. Qd2 a6 8. O-O-O
Bd7 9. f4 h6 10. Bh4 Be7 11. Bxf6 Bxf6 12. Nxc6 Bxc6 13. e5 dxe5 14. Qe1 Qc7 15.
fxe5 Qxe5 16. Qf2 O-O 17. Kb1 Rad8 18. Rxd8 Rxd8 19. Bd3 Qd4 20. Qg3 Qb4 21. a3 Qb6
22. Nd1 Be4 23. Rf1 Bxd3 24. cxd3 Qb3 25. d4 Qxg3 26. hxg3 Bxd4 27. Kc2 h5 28. Rf4
e5 29. Re4 f5 30. Rh4 g6 31. b3 Kf7 32. Nc3 Rc8  0-1

[Event "1. OEsterreichische Internet Schach Meisterschaft - Vorrunde 3"]
[Site "Online - Playchess.com"]
[Date ""]
[Round "7"]
[Board "6"]
[White "Poetz, Florian"]
[Black "Mittelberger, Peter"]
[Result "1-0"]
[WhiteElo "2422"]
[BlackElo "2176"]
[PlyCount "83"]
[EventDate "2020.04.17"]
[EventRounds "9"]
[EventCountry "AUT"]

1. e4 d6 2. d4 g6 3. Nc3 Bg7 4. f4 a6 5. Nf3 b5 6. Bd3 Nd7 7. e5 Bb7 8. Ne4 Nh6 9.
O-O O-O 10. c3 Rc8 11. Qe2 Nb6 12. Bd2 c5 13. dxc5 dxc5 14. Rad1 Qc7 15. g3 c4 16.
Bc2 Rfd8 17. Be3 Nd5 18. Bd4 Nf5 19. Neg5 h6 20. e6 f6 21. Nf7 Rf8 22. Bxf5 gxf5
23. Nh4 Qc6 24. Qf3 Qxe6 25. Nxh6+ Bxh6 26. Qh5 Bg7 27. Nxf5 Qc6 28. Qg6 Rf7 29.
Nh6+ Kh8 30. Nxf7+ Kg8 31. Nh6+ Kh8 32. Nf5 Bf8 33. Qh5+ Kg8 34. Qf3 Qe6 35. Qg4+
Kf7 36. Rfe1 Qc6 37. Qh5+ Kg8 38. Qf3 Qd7 39. Qg4+ Kh8 40. Qh3+ Kg8 41. Nh6+ Kg7
42. Qxd7  1-0

[Event "1. OEsterreichische Internet Schach Meisterschaft - Vorrunde 3"]
[Site "Online - Playchess.com"]
[Date ""]
[Round "7"]
[Board "7"]
[White "Pali, Philipp"]
[Black "Rieger, Robert"]
[Result "1/2-1/2"]
[WhiteElo "2245"]
[BlackElo "2307"]
[PlyCount "121"]
[EventDate "2020.04.17"]
[EventRounds "9"]
[EventCountry "AUT"]

1. c4 c6 2. Nf3 d5 3. g3 Nf6 4. Bg2 dxc4 5. O-O a5 6. a4 g6 7. Na3 Bg7 8. Nxc4 Na6
9. d3 Be6 10. Be3 Bxc4 11. dxc4 Ne4 12. Qb1 Nec5 13. Nd2 O-O 14. Ne4 Ne6 15. Ra3
f5 16. Rd3 Qc7 17. Ng5 Nxg5 18. Bxg5 Nc5 19. Ra3 e5 20. b4 Ne6 21. Bd2 axb4 22. Qxb4
Nd4 23. Ra2 Nxe2+ 24. Kh1 Nd4 25. Be3 Ne6 26. f4 e4 27. Rb1 Rfb8 28. c5 Qf7 29. Bf1
Nc7 30. Bc4 Nd5 31. Qb3 Rd8 32. Bg1 Rd7 33. a5 Kh8 34. a6 bxa6 35. Rxa6 Rxa6 36.
Bxa6 h5 37. Bc4 Kh7 38. Rd1 Qe8 39. Bxd5 Rxd5 40. Rxd5 cxd5 41. Qxd5 e3 42. c6 e2
43. Bf2 e1=Q+ 44. Bxe1 Qxe1+ 45. Kg2 Qe2+ 46. Kh3 Qf1+ 47. Qg2 Qc4 48. Qf3 Bf6 49.
Kg2 Kh6 50. h3 Qc2+ 51. Qf2 Qc4 52. Qf3 Qc5 53. g4 fxg4 54. hxg4 hxg4 55. Qxg4 Qc2+
56. Kh3 Qd3+ 57. Kg2 Qd5+ 58. Qf3 Qxf3+ 59. Kxf3 Bd8 60. Kg4 Bc7 61. f5  1/2-1/2

[Event "1. OEsterreichische Internet Schach Meisterschaft - Vorrunde 3"]
[Site "Online - Playchess.com"]
[Date ""]
[Round "7"]
[Board "9"]
[White "Sadilek, Peter"]
[Black "Diermair, Andreas"]
[Result "0-1"]
[WhiteElo "2340"]
[BlackElo "2465"]
[PlyCount "66"]
[EventDate "2020.04.17"]
[EventRounds "9"]
[EventCountry "AUT"]

1. d4 Nf6 2. c4 c5 3. d5 g6 4. Nc3 Bg7 5. e4 O-O 6. Nf3 d6 7. h3 e6 8. Bd3 Nbd7 9.
O-O e5 10. Bg5 h6 11. Be3 Nh7 12. Qd2 f5 13. exf5 gxf5 14. Bxh6 Qf6 15. Bxg7 Qxg7
16. Bc2 e4 17. Nh2 Ne5 18. Kh1 Nxc4 19. Qf4 Bd7 20. Qc1 Kh8 21. Bb3 Ne5 22. Bc2 b5
23. Ne2 Rg8 24. Nf4 Nf6 25. Rg1 Qh6 26. a4 b4 27. b3 Rg7 28. Qe3 Rag8 29. Rad1 Rh7
30. Ne6 Nfg4 31. Nxg4 Nxg4 32. Qe2 Qh4 33. Nf4 Nxf2+  0-1

[Event "1. OEsterreichische Internet Schach Meisterschaft - Vorrunde 3"]
[Site "Online - Playchess.com"]
[Date ""]
[Round "7"]
[Board "10"]
[White "Wohlfahrt, Herbert"]
[Black "Blohberger, Felix"]
[Result "0-1"]
[WhiteElo "2285"]
[BlackElo "2448"]
[PlyCount "70"]
[EventDate "2020.04.17"]
[EventRounds "9"]
[EventCountry "AUT"]

1. Nf3 d5 2. c4 c6 3. g3 Nf6 4. Bg2 Bf5 5. Qb3 Qc7 6. d4 e6 7. Bf4 Qb6 8. O-O Nbd7
9. c5 Qxb3 10. axb3 a6 11. Nbd2 h6 12. b4 g5 13. Be5 Nxe5 14. Nxe5 Nd7 15. Nxd7 Kxd7
16. e4 dxe4 17. Bxe4 Bxe4 18. Nxe4 Kc7 19. f4 f5 20. Nd2 Bg7 21. Nb3 Rad8 22. Rad1
Rd7 23. Rfe1 Re8 24. Kf2 Kd8 25. Rd3 Ke7 26. Kf3 Kf7 27. Rde3 Rd5 28. Rd3 Red8 29.
Rde3 Re8 30. Rd3 Bf6 31. h3 h5 32. fxg5 Bxg5 33. Na5 Red8 34. Nxb7 Rxd4 35. Nd6+
R8xd6  0-1

[Event "1. OEsterreichische Internet Schach Meisterschaft - Vorrunde 3"]
[Site "Online - Playchess.com"]
[Date ""]
[Round "7"]
[Board "11"]
[White "Alvir, Aco"]
[Black "Schroettner, Martin"]
[Result "1-0"]
[WhiteElo "2338"]
[BlackElo "1934"]
[PlyCount "95"]
[EventDate "2020.04.17"]
[EventRounds "9"]
[EventCountry "AUT"]

1. e4 c6 2. d4 d5 3. Nc3 dxe4 4. Nxe4 Nf6 5. Nxf6+ gxf6 6. c3 Bf5 7. Nf3 Nd7 8. g3
Qc7 9. Bg2 h5 10. O-O Bg4 11. Bf4 e5 12. dxe5 fxe5 13. Bg5 f6 14. Bh4 e4 15. Re1
O-O-O 16. Rxe4 Ne5 17. Qe2 Bg7 18. Rxe5 fxe5 19. Bxd8 Rxd8 20. h3 Bf5 21. Nh4 Bd3
22. Qxh5 e4 23. Nf5 Be5 24. Ne3 Bd6 25. Qg4+ Kb8 26. Bxe4 Bxe4 27. Qxe4 Bxg3 28.
fxg3 Qxg3+ 29. Ng2 Qxh3 30. Qf4+ Ka8 31. Rf1 a6 32. Qh4 Qd3 33. Rf2 Rg8 34. Qd4 Qb1+
35. Kh2 Qxa2 36. Qd6 Rh8+ 37. Kg1 Qa1+ 38. Rf1 Qxb2 39. Rf8+ Rxf8 40. Qxf8+ Ka7 41.
Qc5+ Kb8 42. Ne3 a5 43. Qxa5 Qc1+ 44. Kf2 Qd2+ 45. Kf3 Qh2 46. Qd8+ Ka7 47. Qd4+
Kb8 48. Qf4+  1-0

[Event "1. OEsterreichische Internet Schach Meisterschaft - Vorrunde 3"]
[Site "Online - Playchess.com"]
[Date ""]
[Round "7"]
[Board "12"]
[White "Poecksteiner, Johann"]
[Black "Platzgummer, Fabian"]
[Result "0-1"]
[WhiteElo "2155"]
[BlackElo "2336"]
[PlyCount "46"]
[EventDate "2020.04.17"]
[EventRounds "9"]
[EventCountry "AUT"]

1. d4 d5 2. Nf3 Nf6 3. Bf4 c6 4. c3 Bf5 5. Nbd2 Nbd7 6. h3 h6 7. e3 e6 8. Be2 Be7
9. O-O g5 10. Be5 Nxe5 11. Nxe5 h5 12. f3 h4 13. Re1 Nd7 14. e4 dxe4 15. fxe4 Bh7
16. Nxd7 Qxd7 17. Bf3 Rd8 18. Nc4 c5 19. d5 O-O 20. Bg4 f5 21. dxe6 Qb5 22. b3 Rxd1
23. Raxd1 fxg4  0-1

[Event "1. OEsterreichische Internet Schach Meisterschaft - Vorrunde 3"]
[Site "Online - Playchess.com"]
[Date ""]
[Round "7"]
[Board "13"]
[White "Morgunov, Marc"]
[Black "Hofmann, Thomas"]
[Result "1-0"]
[WhiteElo "2341"]
[BlackElo "2215"]
[PlyCount "85"]
[EventDate "2020.04.17"]
[EventRounds "9"]
[EventCountry "AUT"]

1. e4 c5 2. Nf3 Nf6 3. Nc3 d5 4. exd5 Nxd5 5. Bb5+ Bd7 6. Ne5 Nf6 7. Qf3 Qc8 8. Bc4
e6 9. O-O Nc6 10. Nxc6 Bxc6 11. Qg3 Be7 12. d3 Qd7 13. a4 h5 14. h4 O-O-O 15. Nb5
b6 16. Bf4 Kb7 17. Nc3 Nd5 18. a5 b5 19. a6+ Ka8 20. Bxd5 exd5 21. Rfe1 f6 22. Qxg7
Rdg8 23. Qxe7 Rxg2+ 24. Kxg2 d4+ 25. Kh2 Qg4 26. Bg3 dxc3 27. Qxf6 Rc8 28. Re6 Bd7
29. Re7 Qh3+ 30. Kg1 Bc6 31. Re4 cxb2 32. Qxb2 Rg8 33. Qe5 Rc8 34. Rae1 b4 35. Qd6
b3 36. cxb3 c4 37. Qe6 Qxe6 38. Rxe6 cxb3 39. Rxc6 Rd8 40. Rc3 b2 41. Rb3 b1=Q 42.
Rexb1 Rxd3 43. Rb8#  1-0

[Event "1. OEsterreichische Internet Schach Meisterschaft - Vorrunde 3"]
[Site "Online - Playchess.com"]
[Date ""]
[Round "7"]
[Board "14"]
[White "Frank, Paul"]
[Black "Perhinig, Robert"]
[Result "0-1"]
[WhiteElo "2208"]
[BlackElo "2252"]
[PlyCount "100"]
[EventDate "2020.04.17"]
[EventRounds "9"]
[EventCountry "AUT"]

1. Nf3 d5 2. g3 Nf6 3. Bg2 c6 4. O-O Bg4 5. d4 e6 6. Nbd2 Nbd7 7. Re1 Be7 8. e4 dxe4
9. Nxe4 Nxe4 10. Rxe4 Nf6 11. Re1 O-O 12. c3 c5 13. Qb3 Bxf3 14. Bxf3 cxd4 15. Qxb7
Rb8 16. Qxa7 dxc3 17. bxc3 Rc8 18. Ba3 Bxa3 19. Qxa3 Qd3 20. Re3 Qc4 21. Rd1 Rfd8
22. Rxd8+ Rxd8 23. Kg2 h6 24. Qb3 Qc5 25. Qb4 Qa7 26. a4 Rd2 27. Re2 Nd5 28. Qb5
Rxe2 29. Bxe2 Nxc3 30. Qe8+ Kh7 31. Bd3+ g6 32. Bb5 Kg7 33. Qc8 Nxa4 34. Qc4 Nc5
35. Qd4+ Kh7 36. Bc6 Qb6 37. Bf3 Qc7 38. h4 h5 39. Qf6 Qd7 40. g4 hxg4 41. Bxg4 Ne4
42. Qf3 f5 43. Bh3 Qd5 44. Kh2 Qe5+ 45. Kg2 Nf6 46. Qa3 Qe4+ 47. Kg1 Nd5 48. Qf8
Qxh4 49. Qf7+ Kh6 50. Qxe6 Nf4  0-1

[Event "1. OEsterreichische Internet Schach Meisterschaft - Vorrunde 3"]
[Site "Online - Playchess.com"]
[Date ""]
[Round "7"]
[Board "15"]
[White "Schreiner, Peter"]
[Black "Lerch, Johannes"]
[Result "1-0"]
[WhiteElo "2440"]
[BlackElo "2005"]
[PlyCount "109"]
[EventDate "2020.04.17"]
[EventRounds "9"]
[EventCountry "AUT"]

1. d4 d5 2. c4 e6 3. Nf3 Nf6 4. g3 Be7 5. Bg2 O-O 6. Qc2 a6 7. Bf4 c6 8. O-O Nbd7
9. Nbd2 Nh5 10. Be3 Nhf6 11. Bg5 h6 12. Bxf6 Nxf6 13. e4 dxe4 14. Nxe4 b5 15. Ne5
Bb7 16. Rad1 Rc8 17. Nxf6+ Bxf6 18. c5 Qe7 19. f4 Rfd8 20. h4 a5 21. Kh2 Bxe5 22.
dxe5 Rxd1 23. Rxd1 Rd8 24. Rd6 Rxd6 25. cxd6 Qd7 26. Qc5 a4 27. Qb6 Kf8 28. Qc7 Qxc7
29. dxc7 Ke7 30. Bxc6 Bc8 31. Bxb5 Bd7 32. Ba6 a3 33. bxa3 f6 34. c8=Q Bxc8 35. Bxc8
fxe5 36. fxe5 g5 37. hxg5 hxg5 38. g4 Kf7 39. Kg3 Ke7 40. a4 Kd8 41. Bxe6 Kc7 42.
Bf5 Kb6 43. e6 Kc7 44. e7 Kd6 45. e8=Q Kc5 46. Qe7+ Kd5 47. Qxg5 Kc4 48. Bh7 Kd4
49. Qf4+ Kc5 50. a5 Kb5 51. a6 Kxa6 52. Qb4 Ka7 53. Qb5 Ka8 54. Be4+ Ka7 55. Qb7#
 1-0

[Event "1. OEsterreichische Internet Schach Meisterschaft - Vorrunde 3"]
[Site "Online - Playchess.com"]
[Date ""]
[Round "7"]
[Board "16"]
[White "Kozissnik, Christian"]
[Black "Huber, Martin Christian"]
[Result "0-1"]
[WhiteElo "2023"]
[BlackElo "2341"]
[PlyCount "52"]
[EventDate "2020.04.17"]
[EventRounds "9"]
[EventCountry "AUT"]

1. d4 Nf6 2. Nf3 g6 3. g3 Bg7 4. Bg2 O-O 5. O-O d6 6. c3 Nc6 7. Re1 e5 8. e4 Bg4
9. d5 Ne7 10. Qc2 Ne8 11. h3 Bd7 12. Be3 h6 13. c4 f5 14. Nc3 f4 15. Bd2 g5 16. g4
Nf6 17. Rab1 Qe8 18. b4 Qg6 19. c5 h5 20. gxh5 Qxh5 21. c6 bxc6 22. dxc6 Bxh3 23.
Nd5 Nexd5 24. exd5 Qg4 25. Nh4 gxh4 26. Qe4 Nxe4  0-1

[Event "1. OEsterreichische Internet Schach Meisterschaft - Vorrunde 3"]
[Site "Online - Playchess.com"]
[Date ""]
[Round "7"]
[Board "17"]
[White "Wagner, Leopold Franziskus"]
[Black "Kuba, Guenther"]
[Result "0-1"]
[WhiteElo "2168"]
[BlackElo "2348"]
[PlyCount "118"]
[EventDate "2020.04.17"]
[EventRounds "9"]
[EventCountry "AUT"]

1. e4 e5 2. Nf3 Nc6 3. Bb5 a6 4. Bxc6 dxc6 5. O-O Qf6 6. d3 Ne7 7. Bg5 Qd6 8. Nbd2
f6 9. Be3 Be6 10. Qe2 c5 11. Rfd1 Nc6 12. c3 O-O-O 13. Nc4 Qd7 14. a4 g5 15. d4 Bxc4
16. Qxc4 g4 17. Ne1 cxd4 18. cxd4 exd4 19. Nc2 d3 20. Ne1 Ne5 21. Qc3 Kb8 22. Bf4
Bd6 23. Bxe5 Bxe5 24. Qxd3 Qe7 25. Qc2 h5 26. Nd3 Bd6 27. b4 Qxe4 28. b5 a5 29. Rac1
h4 30. Re1 Qd4 31. Qc4 Qxc4 32. Rxc4 f5 33. h3 Rdg8 34. Kf1 gxh3 35. gxh3 Rd8 36.
Ne5 Rhe8 37. f4 Bb4 38. Re2 Rd1+ 39. Kf2 Rg8 40. Ke3 Rg3+ 41. Kf2 Rxh3 42. Nd7+ Rxd7
43. Re8+ Ka7 44. Kg2 Rg3+ 45. Kf2 Rc3 46. Rxc3 Bxc3 47. Rh8 Bxh8 48. Kf3 Rd4 49.
Kg2 Rxa4 50. Kh3 Rxf4 51. Kg2 a4 52. Kh3 a3 53. Kg2 a2 54. Kh3 a1=Q 55. Kg2 Rb4 56.
b6+ Kxb6 57. Kh3 Qa3+ 58. Kg2 Rb2+ 59. Kh1 Qa1#  0-1

[Event "1. OEsterreichische Internet Schach Meisterschaft - Vorrunde 3"]
[Site "Online - Playchess.com"]
[Date ""]
[Round "7"]
[Board "18"]
[White "Ofner, Maximilian"]
[Black "Leisch, Lukas"]
[Result "1-0"]
[WhiteElo "2177"]
[BlackElo "2362"]
[PlyCount "135"]
[EventDate "2020.04.17"]
[EventRounds "9"]
[EventCountry "AUT"]

1. e4 e6 2. d4 d5 3. e5 c5 4. c3 Nc6 5. Nf3 Nge7 6. Bd3 Nf5 7. Bxf5 exf5 8. O-O Be6
9. Na3 Be7 10. Nc2 h6 11. Rb1 g5 12. b4 cxb4 13. Nxb4 Nxb4 14. cxb4 Kf8 15. Qd3 Kg7
16. Ba3 Rc8 17. Rfc1 Qb6 18. b5 Bxa3 19. Qxa3 g4 20. Nh4 Qxd4 21. Re1 Rc7 22. Rbd1
Qc3 23. Qxa7 Qc5 24. Qa4 Qc4 25. Qa3 Qc3 26. Qa4 Qc4 27. Qa3 Qxb5 28. Rb1 Qa6 29.
Qe3 Qxa2 30. Qf4 Qc4 31. Nxf5+ Bxf5 32. Qxf5 Re8 33. Rb6 Re6 34. Rxe6 fxe6 35. Qxe6
Rf7 36. h3 Qf4 37. Qxg4+ Qxg4 38. hxg4 b5 39. Rb1 Rb7 40. Kf1 Kf7 41. f4 Ke6 42.
Ke2 d4 43. Kd3 Kd5 44. Rb4 Kc5 45. Rxd4 b4 46. Rc4+ Kd5 47. Rc2 Rg7 48. Ke3 Rxg4
49. Kf3 Rg7 50. g4 b3 51. Rd2+ Kc4 52. f5 Kc3 53. Rd1 Kc2 54. Re1 b2 55. e6 Re7 56.
Kf4 Kd2 57. Rh1 Rc7 58. Rh2+ Kc3 59. Rxb2 Kxb2 60. f6 Rc4+ 61. Kf5 Rc5+ 62. Kg6 Rc6
63. e7 Rc5 64. f7 Rg5+ 65. Kf6 Rxg4 66. e8=Q Rf4+ 67. Ke5 Rf1 68. Qb5+  1-0

[Event "1. OEsterreichische Internet Schach Meisterschaft - Vorrunde 3"]
[Site "Online - Playchess.com"]
[Date ""]
[Round "7"]
[Board "19"]
[White "Dreher, David"]
[Black "Enoeckl, Philipp"]
[Result "0-1"]
[WhiteElo "1888"]
[BlackElo "2276"]
[PlyCount "54"]
[EventDate "2020.04.17"]
[EventRounds "9"]
[EventCountry "AUT"]

1. d4 Nf6 2. Bf4 g6 3. Nc3 d5 4. e3 c6 5. h4 Bg7 6. Bd3 Nbd7 7. Nf3 h5 8. Ne5 Qa5
9. O-O Ng4 10. Nxg4 hxg4 11. Qxg4 Nf6 12. Qg3 Nh5 13. Qf3 Nxf4 14. Qxf4 Qd8 15. g3
Bh6 16. Qf3 g5 17. e4 dxe4 18. Nxe4 gxh4 19. Rae1 Qxd4 20. c3 Qg7 21. Nd6+ Kf8 22.
Nf5 Bxf5 23. Bxf5 hxg3 24. fxg3 Rd8 25. Be6 f6 26. Re4 Qg5 27. Rf4 Qc5+  0-1

[Event "1. OEsterreichische Internet Schach Meisterschaft - Vorrunde 3"]
[Site "Online - Playchess.com"]
[Date ""]
[Round "7"]
[Board "20"]
[White "Postl, Anton"]
[Black "Kern, Michael"]
[Result "0-1"]
[WhiteElo "2290"]
[BlackElo "1957"]
[PlyCount "122"]
[EventDate "2020.04.17"]
[EventRounds "9"]
[EventCountry "AUT"]

1. d4 f5 2. g3 e6 3. Bg2 Nf6 4. Nf3 Be7 5. O-O O-O 6. c4 d6 7. Nc3 Ne4 8. Nxe4 fxe4
9. Nd2 d5 10. f3 Nc6 11. e3 exf3 12. Nxf3 b6 13. b3 Bb7 14. Bb2 a5 15. Qe2 a4 16.
Kh1 axb3 17. axb3 Na5 18. Qc2 Bf6 19. Rac1 dxc4 20. bxc4 Qe7 21. e4 Rfd8 22. e5 Bg5
23. Rcd1 Bh6 24. h4 Qb4 25. g4 g6 26. g5 Bf8 27. h5 Qxc4 28. Qb1 Qb3 29. h6 Nc4 30.
Ba1 Qxb1 31. Rxb1 Bxf3 32. Bxf3 Nd2 33. Bxa8 Rxa8 34. Bc3 Nxb1 35. Rxb1 Ra3 36. Rc1
Be7 37. Bd2 c5 38. dxc5 Bxc5 39. Kg2 Rd3 40. Bc3 Re3 41. Ba1 Re2+ 42. Kf3 Rf2+ 43.
Kg3 Rf5 44. Kg4 Be3 45. Re1 Bxg5 46. Rd1 Bxh6 47. Rd7 Rf4+ 48. Kg3 Rf7 49. Rd8+ Rf8
50. Rd7 Bg7 51. Rb7 Rf5 52. Rxb6 Bxe5+ 53. Bxe5 Rxe5 54. Kf4 Rf5+ 55. Kg4 e5 56.
Rb7 Rf4+ 57. Kg5 Rf5+ 58. Kg4 h6 59. Ra7 Rf7 60. Ra6 Kg7 61. Rf6 Kxf6  0-1

[Event "1. OEsterreichische Internet Schach Meisterschaft - Vorrunde 3"]
[Site "Online - Playchess.com"]
[Date ""]
[Round "7"]
[Board "21"]
[White "Balint, Peter"]
[Black "Frank, Emanuel"]
[Result "0-1"]
[WhiteElo "2105"]
[BlackElo "2271"]
[PlyCount "150"]
[EventDate "2020.04.17"]
[EventRounds "9"]
[EventCountry "AUT"]

1. e3 d5 2. d4 Nf6 3. c4 e6 4. Nc3 Be7 5. Nf3 O-O 6. Bd3 b6 7. O-O Bb7 8. Qc2 Nbd7
9. b3 c5 10. Bb2 Rc8 11. Qe2 Ne4 12. Nd2 f5 13. f3 Nd6 14. Rfe1 Kh8 15. Nf1 dxc4
16. bxc4 e5 17. dxe5 Nxe5 18. Nd5 Nxd3 19. Qxd3 Nxc4 20. Qxc4 Qxd5 21. Qxd5 Bxd5
22. e4 fxe4 23. fxe4 Bc6 24. Ng3 Bh4 25. Nf5 Bxe1 26. Bxg7+ Kg8 27. Bxf8 Rxf8 28.
Rxe1 Re8 29. e5 Re6 30. Nd6 Kf8 31. Kf2 Rg6 32. g3 Ke7 33. Ke3 Ke6 34. Kf4 Rg8 35.
Re3 h6 36. a3 b5 37. Rc3 c4 38. Re3 Rg5 39. h4 Rg8 40. Re1 Rb8 41. Rc1 a6 42. Re1
Rf8+ 43. Kg4 Rg8+ 44. Kh3 h5 45. Ne4 Bxe4 46. Rxe4 Rc8 47. Re1 c3 48. g4 c2 49. Rc1
Rc3+ 50. Kh2 hxg4 51. h5 Kxe5 52. h6 Kf6 53. Kg2 Kg6 54. Kf2 Kxh6 55. Ke2 Kg5 56.
Kd2 Rc8 57. Ke2 Kf4 58. Kf2 g3+ 59. Kg2 Ke3 60. Kxg3 Kd2 61. Rh1 c1=Q 62. Rxc1 Rxc1
63. Kf4 Ra1 64. Ke5 Rxa3 65. Ke6 b4 66. Kd7 b3 67. Kc7 b2 68. Kc6 b1=Q 69. Kc5 Rc3+
70. Kd6 Qb6+ 71. Ke5 Qe3+ 72. Kd5 Rc5+ 73. Kd6 Qe5+ 74. Kd7 Rc7+ 75. Kd8 Qe7#  0-1

[Event "1. OEsterreichische Internet Schach Meisterschaft - Vorrunde 3"]
[Site "Online - Playchess.com"]
[Date ""]
[Round "7"]
[Board "22"]
[White "Breneis, Lukas"]
[Black "Mayrhuber, Tobias"]
[Result "0-1"]
[WhiteElo "2257"]
[BlackElo "2045"]
[PlyCount "83"]
[EventDate "2020.04.17"]
[EventRounds "9"]
[EventCountry "AUT"]

1. e4 e5 2. Nc3 Nf6 3. f4 d5 4. fxe5 Nxe4 5. d3 Nxc3 6. bxc3 d4 7. Nf3 Nc6 8. Be2
Bc5 9. O-O Bg4 10. Kh1 dxc3 11. Ng5 Bxe2 12. Qxe2 Qd5 13. e6 f6 14. Rxf6 O-O-O 15.
Rf7 h6 16. Bf4 Bd6 17. Nf3 Bxf4 18. Rxf4 Rde8 19. Re4 Rhf8 20. Re1 Rf6 21. e7 Rf7
22. Ne5 Rfxe7 23. Qg4+ Qe6 24. Qxe6+ Rxe6 25. Nxc6 Rxe4 26. Rxe4 Rxe4 27. dxe4 bxc6
28. Kg1 Kd7 29. Kf2 Ke6 30. Ke3 Ke5 31. Kd3 g5 32. Kxc3 Kxe4 33. Kc4 Ke3 34. Kc5
Kf2 35. Kxc6 Kxg2 36. Kxc7 Kxh2 37. Kb7 g4 38. c4 g3 39. c5 g2 40. c6 g1=Q 41. c7
Qb6+ 42. Kc8  0-1

[Event "1. OEsterreichische Internet Schach Meisterschaft - Vorrunde 3"]
[Site "Online - Playchess.com"]
[Date ""]
[Round "7"]
[Board "23"]
[White "Hofer, Maximilian"]
[Black "Gelbenegger, Patrick"]
[Result "1-0"]
[WhiteElo "2108"]
[BlackElo "2240"]
[PlyCount "55"]
[EventDate "2020.04.17"]
[EventRounds "9"]
[EventCountry "AUT"]

1. e4 c5 2. Nf3 d6 3. d4 cxd4 4. Nxd4 Nf6 5. Nc3 a6 6. Be2 e5 7. Nb3 Be7 8. O-O O-O
9. f4 Qc7 10. f5 b5 11. a3 Nbd7 12. Kh1 Bb7 13. Bf3 Nb6 14. g4 d5 15. exd5 Nbxd5
16. Nxd5 Nxd5 17. Nd2 Ne3 18. Qe2 Nxf1 19. Qxf1 Bxf3+ 20. Qxf3 Qxc2 21. Ne4 Rfd8
22. Be3 f6 23. g5 Qxb2 24. Rg1 Kh8 25. gxf6 Bxf6 26. Nxf6 gxf6 27. Bh6 Rg8 28. Bg7+
 1-0

[Event "1. OEsterreichische Internet Schach Meisterschaft - Vorrunde 3"]
[Site "Online - Playchess.com"]
[Date ""]
[Round "7"]
[Board "24"]
[White "Bachler, Reinhard"]
[Black "Wimmer, Kevin"]
[Result "1/2-1/2"]
[WhiteElo "2143"]
[BlackElo "1944"]
[PlyCount "41"]
[EventDate "2020.04.17"]
[EventRounds "9"]
[EventCountry "AUT"]

1. e4 e5 2. Nf3 Nc6 3. d3 Nf6 4. g3 d5 5. Nbd2 Bc5 6. Bg2 O-O 7. O-O dxe4 8. dxe4
Be6 9. c3 a5 10. Qe2 Qe7 11. h3 Nd7 12. Nh4 f6 13. Nf5 Qf7 14. g4 Bb6 15. Kh1 Nc5
16. Rd1 Rfd8 17. b3 Nd3 18. Ne3 Nf4 19. Qf1 Bxe3 20. fxe3 Nxg2 21. Kh2  1/2-1/2

[Event "1. OEsterreichische Internet Schach Meisterschaft - Vorrunde 3"]
[Site "Online - Playchess.com"]
[Date ""]
[Round "7"]
[Board "25"]
[White "Reyhani, Adel"]
[Black "Doskocil, Klaus"]
[Result "1-0"]
[WhiteElo "1918"]
[BlackElo "2157"]
[PlyCount "61"]
[EventDate "2020.04.17"]
[EventRounds "9"]
[EventCountry "AUT"]

1. e4 c5 2. Nf3 Nc6 3. d4 cxd4 4. Nxd4 Nf6 5. Nc3 e5 6. Nf3 Bb4 7. Bd3 d5 8. exd5
Nxd5 9. Bd2 Nxc3 10. bxc3 Bc5 11. O-O Bg4 12. Rb1 Qe7 13. h3 Bh5 14. Be4 O-O 15.
Qe2 Rad8 16. Be3 Bxe3 17. fxe3 Bxf3 18. Rxf3 f5 19. Rxf5 Rxf5 20. Bxf5 Rf8 21. Be4
Nd8 22. Rf1 Rxf1+ 23. Qxf1 Qc5 24. Qd3 Nf7 25. Bd5 g6 26. c4 Kg7 27. Qe4 b6 28. Kh2
Qd6 29. a4 Nh6 30. a5 bxa5 31. c5  1-0